[Event "CN Seniori 2012"]
[Site "Sarata Monteoru/Romania"]
[Date "2012.02.19"]
[Round "9.42"]
[White "Costachi, Mihnea"]
[Black "Patrascu, Catalin-Lucian"]
[Result "1-0"]
[WhiteElo "1937"]
[BlackElo "1816"]
[PlyCount "97"]
[EventDate "2012.??.??"]

1. d4 Nf6 2. c4 c5 3. d5 b5 4. cxb5 a6 5. e3 d6 6. Nc3 g6 7. Nf3 Bg7 8. a4 O-O
9. Ra3 axb5 10. Bxb5 Ba6 11. O-O Qb6 12. Qd3 Bxb5 13. Nxb5 Nbd7 14. b3 Rfb8 15.
Bb2 Qa6 16. Raa1 Rb7 17. e4 Ng4 18. Bxg7 Kxg7 19. Qc3+ Kg8 20. h3 Ngf6 21. Nd2
Qa5 22. Qe3 Ne8 23. Nc4 Qd8 24. f4 Nc7 25. Nxc7 Rxc7 26. e5 Nf8 27. Rad1 Raa7
28. Qg3 f6 29. exf6 exf6 30. f5 Rd7 31. fxg6 hxg6 32. Rde1 Kg7 33. Re2 Nh7 34.
h4 Nf8 35. Rfe1 Kf7 36. Re6 Ra6 37. Qe3 Kg7 38. Re8 Qc7 39. h5 Rf7 40. Qg3 Qd7
41. R8e6 Qc7 42. Nxd6 Nxe6 43. Ne8+ Kf8 44. Nxc7 Nxc7 45. hxg6 Rg7 46. d6 Ne8
47. d7 Rxd7 48. Rxe8+ Kxe8 49. g7 1-0

[Event "CN Seniori 2012"]
[Site "Sarata Monteoru/Romania"]
[Date "2012.02.19"]
[Round "9.43"]
[White "Baciu, Radu-George"]
[Black "Arghirescu, Marius"]
[Result "1/2-1/2"]
[WhiteElo "1767"]
[BlackElo "1921"]
[PlyCount "162"]
[EventDate "2012.??.??"]

1. e4 e5 2. Nf3 Nc6 3. Bb5 a6 4. Bxc6 dxc6 5. O-O f6 6. d4 Bg4 7. dxe5 Qxd1 8.
Rxd1 Bxf3 9. gxf3 fxe5 10. f4 Nf6 11. f3 Nd7 12. Be3 O-O-O 13. fxe5 Nxe5 14.
Rxd8+ Kxd8 15. Nd2 Be7 16. Rd1 Kc8 17. Bd4 Nf7 18. Kf2 Rg8 19. Nc4 Rd8 20. Ke2
g6 21. Bc3 Re8 22. Ne5 Ng5 23. Ng4 Rf8 24. Rf1 Ne6 25. Be5 Nf4+ 26. Bxf4 Rxf4
27. Rd1 Rf8 28. Rd3 Bg5 29. c4 Bf4 30. h3 h5 31. Ne3 Re8 32. Ng2 Be5 33. b3 g5
34. Ke3 Rf8 35. Rd1 Rg8 36. Rd3 Rf8 37. Rd1 b6 38. Rf1 c5 39. f4 gxf4+ 40. Nxf4
h4 41. Rf3 Bd4+ 42. Ke2 Rg8 43. Kd3 Rg1 44. Ne2 Rd1+ 45. Kc2 Ra1 46. Nxd4 cxd4
47. Kd3 c5 48. Rf4 Re1 49. Rxh4 Re3+ 50. Kd2 Kd7 51. Rh7+ Kd6 52. Rh6+ Ke5 53.
Rxb6 Rxe4 54. Rxa6 Rh4 55. Ra8 Rxh3 56. Re8+ Kd6 57. Re2 Kc7 58. Kc1 Kd6 59.
Kb2 Rg3 60. a3 Rc3 61. Re4 Rh3 62. Re2 Rc3 63. Re4 Rh3 64. Re2 Rc3 65. Rc2 Rh3
66. b4 cxb4 67. axb4 Ke5 68. c5 d3 69. Rd2 Kd4 70. c6 Rh6 71. b5 Rh5 72. Kc1
Rxb5 73. Rb2 Rc5+ 74. Kd2 Rxc6 75. Rb4+ Rc4 76. Rxc4+ Kxc4 77. Kd1 Kd5 78. Kd2
Kd4 79. Kd1 Ke3 80. Ke1 d2+ 81. Kd1 Kd3 1/2-1/2

[Event "CN Seniori 2012"]
[Site "Sarata Monteoru/Romania"]
[Date "2012.02.19"]
[Round "9.45"]
[White "Scripcaru, George Daniel"]
[Black "Olinici, Emanuel"]
[Result "1-0"]
[WhiteElo "1694"]
[BlackElo "1856"]
[PlyCount "69"]
[EventDate "2012.??.??"]

1. Nc3 e5 2. e4 Nf6 3. f4 d5 4. fxe5 Nxe4 5. Nf3 Be7 6. d3 Nxc3 7. bxc3 Bg4 8.
Be2 Bh4+ 9. g3 Be7 10. O-O O-O 11. Bf4 Nc6 12. d4 f5 13. c4 Na5 14. c5 Qd7 15.
a4 b6 16. Qd2 Kh8 17. Bb5 c6 18. Bd3 h6 19. e6 Qxe6 20. Rae1 Qf6 21. Ne5 Bh3
22. Nd7 Qf7 23. Rf2 Rfe8 24. Rfe2 Bf8 25. Ne5 Qh5 26. Rf2 Kh7 27. Be2 Bg4 28.
Nxg4 fxg4 29. Bd3+ Kg8 30. Be5 Re7 31. Rf5 Qe8 32. Ref1 Qd7 33. Qf4 Ree8 34.
Rf7 Qd8 35. Rxg7+ 1-0

[Event "CN Seniori 2012"]
[Site "Sarata Monteoru/Romania"]
[Date "2012.02.19"]
[Round "9.46"]
[White "Ciortan, Mihail"]
[Black "Rusa, Antonio"]
[Result "1-0"]
[WhiteElo "1721"]
[BlackElo "1902"]
[PlyCount "91"]
[EventDate "2012.??.??"]

1. b3 Nf6 2. Bb2 e6 3. Nf3 d5 4. e3 c5 5. Bb5+ Bd7 6. Qe2 a6 7. Bxd7+ Nbxd7 8.
O-O Bd6 9. d4 Ne4 10. dxc5 Bxc5 11. Bxg7 Rg8 12. Bd4 Bd6 13. Nbd2 e5 14. Bb2
Nxd2 15. Nxd2 e4 16. f4 Qh4 17. c4 f5 18. cxd5 Nf6 19. Bxf6 Qxf6 20. Nc4 Bc5
21. Rac1 Qg7 22. g3 Rd8 23. Rfd1 Be7 24. Qh5+ Qg6 25. Qxg6+ Rxg6 26. Ne5 Rgd6
27. Rc7 Rxd5 28. Rxd5 Rxd5 29. Rxb7 Rd1+ 30. Kg2 Rd2+ 31. Kh3 Rxa2 32. Rb8+ Bd8
33. Nc6 Rd2 34. Rxd8+ Rxd8 35. Nxd8 Kxd8 36. g4 Ke7 37. gxf5 Kf7 38. Kh4 Kf6
39. Kg4 a5 40. h3 h6 41. Kh5 Kxf5 42. Kxh6 Kf6 43. Kh5 Kf5 44. Kh4 Kg6 45. Kg4
Kf6 46. h4 1-0

[Event "CN Seniori 2012"]
[Site "Sarata Monteoru/Romania"]
[Date "2012.02.19"]
[Round "9.48"]
[White "Rusu, Vasile"]
[Black "Iordachescu, Sorin-Emanuel"]
[Result "0-1"]
[WhiteElo "1760"]
[BlackElo "1876"]
[PlyCount "136"]
[EventDate "2012.??.??"]

1. d4 Nf6 2. Nf3 g6 3. c4 Bg7 4. Nc3 O-O 5. e4 d6 6. Be2 c5 7. O-O Bg4 8. d5
Nbd7 9. h3 Bxf3 10. Bxf3 a6 11. a4 Qa5 12. Bd2 Qc7 13. Be2 e6 14. Qc1 exd5 15.
cxd5 Rfe8 16. f3 Nh5 17. Re1 c4 18. Bd1 b5 19. g4 Nhf6 20. axb5 axb5 21. Be3
Rxa1 22. Qxa1 Rb8 23. Qa6 Nc5 24. Qa1 Nd3 25. Rf1 b4 26. Ne2 Qe7 27. Nf4 Bh6
28. Nxd3 Bxe3+ 29. Nf2 Qe5 30. Kg2 Bd4 31. Qa6 c3 32. Nd3 Qe7 33. Ba4 cxb2 34.
Qc4 Bc3 35. Bb5 Ra8 36. Nxb4 Ra1 37. Qc8+ Kg7 38. Qxc3 b1=Q 39. Rxb1 Rxb1 40.
g5 Qe5 41. Qxe5 dxe5 42. gxf6+ Kxf6 43. Nc6 Rxb5 44. h4 Rc5 45. Kg3 h5 46. Kf2
Rxc6 47. dxc6 Ke6 48. Ke3 Kd6 49. f4 f6 50. fxe5+ fxe5 51. c7 Kxc7 52. Kd3 Kd6
53. Kc4 Ke6 54. Kc5 g5 55. hxg5 h4 56. g6 h3 57. g7 Kf7 58. Kd6 h2 59. Kxe5
h1=Q 60. g8=Q+ Kxg8 61. Kf5 Qf1+ 62. Ke6 Qf8 63. e5 Qe8+ 64. Kf6 Kf8 65. e6
Qe7+ 66. Kg6 Qxe6+ 67. Kh7 Qf7+ 68. Kh8 Qg7# 0-1

[Event "CN Seniori 2012"]
[Site "Sarata Monteoru/Romania"]
[Date "2012.02.19"]
[Round "9.50"]
[White "Puscas, Filip-Andrei"]
[Black "Tudose, Cristian"]
[Result "0-1"]
[WhiteElo "1420"]
[BlackElo "1854"]
[PlyCount "68"]
[EventDate "2012.??.??"]

1. e4 c5 2. Nf3 d6 3. d4 cxd4 4. Nxd4 Nf6 5. Nc3 a6 6. Be2 e6 7. O-O Be7 8. f4
Nc6 9. Be3 e5 10. fxe5 Nxe5 11. Nf5 Bxf5 12. exf5 Qc7 13. Bg5 Ned7 14. Bh5 O-O
15. Kh1 Rfe8 16. Bf3 Rac8 17. Rc1 b5 18. Bxf6 Nxf6 19. Nd5 Nxd5 20. Bxd5 Bf6
21. c3 Re5 22. c4 b4 23. b3 Rce8 24. Qd2 a5 25. Rfe1 Qe7 26. Rf1 Re2 27. Qd3
Rxa2 28. Qb1 Re2 29. Bf3 Re3 30. Rg1 Be5 31. Bc6 Bxh2 32. f6 Qxf6 33. Bd7 Bxg1
34. Bxe8 Bf2 0-1

[Event "CN Seniori 2012"]
[Site "Sarata Monteoru/Romania"]
[Date "2012.02.19"]
[Round "9.51"]
[White "Gavrilescu, David"]
[Black "Ionita, Ioan"]
[Result "1/2-1/2"]
[WhiteElo "1800"]
[BlackElo "1720"]
[PlyCount "42"]
[EventDate "2012.??.??"]

1. e4 c5 2. c4 Nc6 3. Nc3 g6 4. g3 Bg7 5. Bg2 d6 6. Nge2 h5 7. h3 e6 8. d3 Nge7
9. Be3 Nd4 10. Rb1 Nec6 11. a3 a5 12. O-O Nxe2+ 13. Nxe2 e5 14. f4 exf4 15.
Bxf4 O-O 16. Qd2 Be6 17. Bg5 Qd7 18. Kh2 f5 19. Nf4 Bf7 20. exf5 gxf5 21. Bf3
Be6 1/2-1/2

[Event "CN Seniori 2012"]
[Site "Sarata Monteoru/Romania"]
[Date "2012.02.19"]
[Round "9.52"]
[White "Rosca, Grigore"]
[Black "Mongescu, Lucian"]
[Result "0-1"]
[WhiteElo "1668"]
[BlackElo "1984"]
[PlyCount "84"]
[EventDate "2012.??.??"]

1. e4 e5 2. f4 Bc5 3. Nf3 d6 4. Bc4 Nc6 5. c3 Qe7 6. b4 Bb6 7. Ng5 Be6 8. Bxe6
fxe6 9. a4 a6 10. Qg4 Nd8 11. d3 Nf6 12. Qh3 exf4 13. Bxf4 e5 14. Bg3 O-O 15.
Rf1 Be3 16. Nf3 Ne6 17. Nbd2 Qf7 18. Nc4 Bf4 19. Ke2 b6 20. Ne3 Rae8 21. Nd5
Bxg3 22. hxg3 Qg6 23. Kd2 h6 24. Ne3 Qh5 25. Rh1 Qxh3 26. Rxh3 Nh7 27. Nf5 Nhg5
28. Rh2 Rf6 29. Rah1 Kh7 30. Rh5 Nf7 31. R5h2 Neg5 32. Nxg5+ Nxg5 33. Ke3 Kg6
34. Rh5 Kf7 35. g4 Kg8 36. R5h2 Nf7 37. Nh4 Kh7 38. Nf5 Kg6 39. Nh4+ Kh7 40.
Nf5 Kg8 41. Nh4 c6 42. c4 Kf8 0-1

[Event "CN Seniori 2012"]
[Site "Sarata Monteoru/Romania"]
[Date "2012.02.19"]
[Round "9.53"]
[White "David, Bogdan-Emanuel"]
[Black "Porfireanu, Serban"]
[Result "0-1"]
[WhiteElo "1667"]
[BlackElo "1927"]
[PlyCount "112"]
[EventDate "2012.??.??"]

1. e4 c5 2. Nf3 e6 3. d4 cxd4 4. Nxd4 a6 5. Nc3 Qc7 6. Be3 d6 7. f3 Nd7 8. Qd2
b6 9. O-O-O Ngf6 10. Be2 Bb7 11. Kb1 Be7 12. a3 Rc8 13. g4 Ne5 14. g5 Nfd7 15.
h4 Nc4 16. Bxc4 Qxc4 17. f4 Nc5 18. Qg2 b5 19. f5 e5 20. Rhf1 f6 21. Ne6 Nxe6
22. fxe6 Qxe6 23. Nd5 Bxd5 24. Rxd5 O-O 25. g6 hxg6 26. Qxg6 Qf7 27. Qg4 Rc4
28. Rf2 f5 29. Qxf5 Qxf5 30. Rxf5 Rxf5 31. exf5 Rxh4 32. Rd1 Kf7 33. Rg1 Re4
34. Rg3 Bh4 35. Rf3 d5 36. c3 Kf6 37. Kc2 Bg5 38. Bxg5+ Kxg5 39. Kd3 Rf4 40.
Rg3+ Rg4 41. Re3 Kxf5 42. Rf3+ Rf4 43. Rg3 g5 44. Ke3 g4 45. b3 Kg5 46. Ke2 e4
47. Rg2 Rf3 48. Kd2 Kh4 49. Rh2+ Rh3 50. Rg2 g3 51. Ke3 Kg4 52. Rd2 Rh5 53. Rg2
Kh3 54. Re2 g2 55. Kf2 Rf5+ 56. Ke1 g1=Q+ 0-1

[Event "CN Seniori 2012"]
[Site "Sarata Monteoru/Romania"]
[Date "2012.02.19"]
[Round "9.54"]
[White "Moldoveanu, Paul"]
[Black "Soare, Flavius-Alexandru"]
[Result "0-1"]
[WhiteElo "1859"]
[BlackElo "1668"]
[PlyCount "88"]
[EventDate "2012.??.??"]

1. e4 e5 2. f4 exf4 3. Nf3 Nf6 4. Nc3 Nc6 5. d4 d5 6. e5 Ne4 7. Bxf4 Bb4 8. Bd2
Bg4 9. Be2 Bxf3 10. Bxf3 Nxd4 11. Nxe4 dxe4 12. Bxb4 exf3 13. g3 Qd5 14. Kf2
O-O-O 15. c3 Nc6 16. Qxd5 Rxd5 17. c4 Rd4 18. Bc3 Rxc4 19. Kxf3 Re8 20. Rhe1
Nd4+ 21. Bxd4 Rxd4 22. Re2 Kd7 23. Rae1 Ke6 24. b3 Red8 25. h3 Rd3+ 26. Re3 h5
27. g4 hxg4+ 28. hxg4 Rxe3+ 29. Rxe3 g5 30. Rc3 c6 31. Rc4 Rd5 32. Rc1 Rxe5 33.
Rh1 a5 34. Rh6+ f6 35. Rh8 Kd6 36. Rd8+ Kc7 37. Ra8 b6 38. Ra7+ Kd6 39. Ra8 Kc5
40. Rd8 Re6 41. a3 Rd6 42. Rf8 Kd4 43. Re8 Kc3 44. Re1 b5 0-1

[Event "CN Seniori 2012"]
[Site "Sarata Monteoru/Romania"]
[Date "2012.02.19"]
[Round "9.55"]
[White "Vacar, Gligore"]
[Black "Mardan, Cristian"]
[Result "1-0"]
[WhiteElo "1788"]
[BlackElo "1556"]
[PlyCount "107"]
[EventDate "2012.??.??"]

1. e4 c5 2. c3 e6 3. Nf3 Nc6 4. d3 Be7 5. Nbd2 d6 6. Be2 Nf6 7. O-O O-O 8. Re1
e5 9. Nf1 Bg4 10. Ne3 Be6 11. Ng5 Qd7 12. Nxe6 fxe6 13. Ng4 d5 14. exd5 exd5
15. Nxf6+ Rxf6 16. Bg4 Qc7 17. Bg5 Rg6 18. Bxe7 Qxe7 19. g3 Rf8 20. Bh3 Rgf6
21. f4 Qd6 22. fxe5 Nxe5 23. Bg2 c4 24. dxc4 Qc5+ 25. Kh1 dxc4 26. Qd5+ Qxd5
27. Bxd5+ Nf7 28. Bxc4 Kh8 29. Rf1 Ne5 30. Rxf6 Rxf6 31. Re1 Ng6 32. Bd5 b6 33.
Kg2 Rf8 34. c4 h6 35. Re6 Kh7 36. Be4 Rf6 37. Rxf6 gxf6 38. Bxg6+ Kxg6 39. b4
Kf5 40. Kf3 Ke5 41. Ke3 f5 42. h4 h5 43. Kd3 f4 44. gxf4+ Kxf4 45. Kd4 Kg4 46.
c5 bxc5+ 47. bxc5 Kxh4 48. c6 Kg3 49. c7 h4 50. c8=Q h3 51. Ke3 h2 52. Qb7 a6
53. Qf3+ Kh4 54. Qg2 1-0

[Event "CN Seniori 2012"]
[Site "Sarata Monteoru/Romania"]
[Date "2012.02.19"]
[Round "9.57"]
[White "Soare, Cristel"]
[Black "Andrei, Gheorghe"]
[Result "0-1"]
[WhiteElo "1519"]
[BlackElo "1777"]
[PlyCount "64"]
[EventDate "2012.??.??"]

1. e4 b6 2. d4 g6 3. Nf3 d6 4. Be3 Bg7 5. c3 Bg4 6. Nbd2 a5 7. Bd3 Nd7 8. h3
Bxf3 9. Nxf3 Ngf6 10. O-O e5 11. d5 O-O 12. Re1 h6 13. Qd2 Kh7 14. Nh4 Nxe4 15.
Bxe4 Qxh4 16. Qc2 f5 17. Bd3 Qf6 18. f4 Rae8 19. Re2 Re7 20. fxe5 dxe5 21. Rae1
Qd6 22. Kh1 Qxd5 23. b3 Nc5 24. Bc4 Qc6 25. Bxc5 Qxc5 26. Rd2 Qc6 27. Bd5 Qf6
28. Rf2 Rd8 29. Be4 Qh4 30. Bd3 e4 31. Bb5 Be5 32. Ref1 Qg3 0-1

[Event "CN Seniori 2012"]
[Site "Sarata Monteoru/Romania"]
[Date "2012.02.19"]
[Round "9.61"]
[White "Mihalea, Stefan"]
[Black "Balea, Dumitru-Lucian"]
[Result "1/2-1/2"]
[WhiteElo "1723"]
[BlackElo "1490"]
[PlyCount "42"]
[EventDate "2012.??.??"]

1. e4 e5 2. Nf3 Nc6 3. Nc3 Nf6 4. d4 exd4 5. Nxd4 Nxd4 6. Qxd4 d6 7. Bb5+ Bd7
8. Bxd7+ Qxd7 9. O-O Be7 10. e5 dxe5 11. Qxe5 O-O 12. Bg5 h6 13. Bh4 Nd5 14.
Bxe7 Nxe7 15. Qe3 c6 16. Ne4 Qc7 17. Rad1 Ng6 18. Qg3 Qxg3 19. Nxg3 Rad8 20.
Ne4 Ne7 21. f3 Rd5 1/2-1/2

[Event "CN Seniori 2012"]
[Site "Sarata Monteoru/Romania"]
[Date "2012.02.20"]
[Round "10.1"]
[White "Vajda, Levente"]
[Black "Cioara, Andrei-Nestor"]
[Result "1-0"]
[WhiteElo "2594"]
[BlackElo "2456"]
[Annotator "Robot 4"]
[PlyCount "87"]
[EventDate "2012.??.??"]
[TimeControl "40/5400+30:900+30"]

1. e4 e6 2. d4 d5 3. Nd2 Nf6 4. e5 Nfd7 5. c4 dxc4 6. Nxc4 Nb6 7. Nf3 Be7 8.
Nxb6 axb6 9. Bd3 Bd7 10. O-O Bc6 11. a3 Bd5 12. Be3 c6 13. Nd2 b5 14. Qg4 g6
15. Be4 Nd7 16. Bxd5 cxd5 17. Bh6 Nb8 18. Nf3 Nc6 19. Qf4 Bf8 20. Bg5 Be7 21.
Bf6 Bxf6 22. exf6 h6 23. h4 g5 24. hxg5 hxg5 25. Qxg5 Qd6 26. Rfc1 O-O-O 27.
Ne5 Rh7 28. Nxc6 bxc6 29. Rxc6+ Qxc6 30. Rc1 Qc4 31. Rxc4+ bxc4 32. Qd2 Rdh8
33. f3 Rh6 34. Qa5 R8h7 35. Qc5+ Kd7 36. Qe7+ Kc6 37. Kf2 Rh1 38. Qe8+ Kd6 39.
Qf8+ Kc6 40. Qg8 Kb5 41. Ke3 R1h2 42. Kf4 Ka4 43. Qb8 Ka5 44. Ke5 1-0

[Event "CN Seniori 2012"]
[Site "Sarata Monteoru/Romania"]
[Date "2012.02.20"]
[Round "10.2"]
[White "Manolache, Marius"]
[Black "Jianu, Vlad-Cristian"]
[Result "1-0"]
[WhiteElo "2552"]
[BlackElo "2508"]
[Annotator "Robot 4"]
[PlyCount "115"]
[EventDate "2012.??.??"]
[TimeControl "40/5400+30:900+30"]

1. d4 d5 2. Nf3 e6 3. c4 c5 4. cxd5 exd5 5. g3 Nc6 6. Bg2 Nf6 7. O-O Be7 8.
dxc5 Bxc5 9. Bg5 O-O 10. Qc1 Be7 11. Nc3 h6 12. Bxf6 Bxf6 13. Rd1 d4 14. Ne4
Bf5 15. Nxf6+ Qxf6 16. Qf4 g5 17. Qd2 Rad8 18. h4 g4 19. Ne1 Rfe8 20. Nd3 Bxd3
21. exd3 Re7 22. Bxc6 bxc6 23. Re1 Rde8 24. Rxe7 Rxe7 25. b4 Kg7 26. Re1 Rxe1+
27. Qxe1 Qf5 28. Qe2 h5 29. Qd2 f6 30. Qc2 Qd5 31. Qa4 Qd7 32. Qa5 Kg6 33. Qc5
Kh6 34. a4 Kg6 35. Kf1 Kh6 36. Ke1 Qe6+ 37. Kf1 Qd7 38. a5 Kg6 39. a6 Kh6 40.
Kg2 Kg6 41. Kg1 Kh6 42. Qf8+ Kg6 43. Qg8+ Kf5 44. Kf1 Qe7 45. Qc8+ Kg6 46. Qb7
Qd6 47. b5 Qa3 48. Qxc6 Qxd3+ 49. Kg2 Qe2 50. b6 Qxa6 51. Qe4+ Kg7 52. Qe7+ Kg6
53. bxa7 Qc6+ 54. Kh2 Qa8 55. Qd7 d3 56. Qxd3+ Kg7 57. Qd7+ Kg6 58. Qe7 1-0

[Event "CN Seniori 2012"]
[Site "Sarata Monteoru/Romania"]
[Date "2012.02.20"]
[Round "10.3"]
[White "Miron, Lucian-Costin"]
[Black "Nevednichy, Vladislav"]
[Result "1/2-1/2"]
[WhiteElo "2525"]
[BlackElo "2546"]
[Annotator "Robot 4"]
[PlyCount "113"]
[EventDate "2012.??.??"]
[TimeControl "40/5400+30:900+30"]

1. d4 Nf6 2. c4 g6 3. Nc3 Bg7 4. e4 d6 5. Nf3 O-O 6. Be2 e5 7. O-O c6 8. Be3
Na6 9. d5 Ng4 10. Bg5 f6 11. Bh4 c5 12. Ne1 h5 13. h3 Nh6 14. Nd3 Nb4 15. Ne1
Na6 16. Nd3 Nb4 17. Nxb4 cxb4 18. Na4 g5 19. Bg3 g4 20. Bh4 Qe8 21. a3 f5 22.
axb4 Bd7 23. c5 fxe4 24. hxg4 hxg4 25. cxd6 Nf5 26. Be7 Nxe7 27. dxe7 Qxe7 28.
Bxg4 Bxg4 29. Qxg4 Rf4 30. Qe6+ Qxe6 31. dxe6 Re8 32. Nc3 e3 33. fxe3 Rxf1+ 34.
Kxf1 a6 35. e4 Rxe6 36. Nd5 Rh6 37. Kf2 Bf8 38. Rc1 Bd6 39. Kf3 Kf7 40. Kg4
Rg6+ 41. Kf3 Rh6 42. Kf2 Ke6 43. Kg1 Rh4 44. Re1 Rh8 45. Rf1 Rh4 46. Rf6+ Kd7
47. Rf3 Kc6 48. Re3 a5 49. g3 Rg4 50. Kg2 a4 51. Kh3 Rxe4 52. Rxe4 Kxd5 53. Re2
Bxb4 54. Kg4 Bc5 55. Kf5 Bd4 56. g4 b5 57. g5 1/2-1/2

[Event "CN Seniori 2012"]
[Site "Sarata Monteoru/Romania"]
[Date "2012.02.20"]
[Round "10.4"]
[White "Anton, Teodor"]
[Black "Lupulescu, Constantin"]
[Result "1-0"]
[WhiteElo "2393"]
[BlackElo "2648"]
[Annotator "Robot 4"]
[PlyCount "85"]
[EventDate "2012.??.??"]
[TimeControl "40/5400+30:900+30"]

1. d4 Nf6 2. c4 e6 3. Nf3 c5 4. d5 d6 5. Nc3 exd5 6. cxd5 g6 7. Bf4 a6 8. a4
Bg7 9. h3 O-O 10. e3 Re8 11. Be2 Ne4 12. Nxe4 Rxe4 13. Nd2 Rb4 14. O-O Bxb2 15.
Rb1 a5 16. Nc4 Bg7 17. Rxb4 axb4 18. Bxd6 b6 19. Be5 Bxe5 20. Nxe5 Bd7 21. d6
Qf6 22. Qd5 Ra7 23. Nxd7 Nxd7 24. Bc4 Ne5 25. Bb5 Qe6 26. Qxe6 fxe6 27. f4 Nf7
28. Rd1 Ra8 29. e4 g5 30. g3 gxf4 31. gxf4 e5 32. fxe5 Nxe5 33. Rd5 Nf7 34. Bc4
Kg7 35. e5 Re8 36. d7 Re7 37. Rd3 Nd8 38. Rg3+ Kh6 39. e6 Rxe6 40. Bxe6 Nxe6
41. Re3 Nd8 42. Kf2 c4 43. Ke2 1-0

[Event "CN Seniori 2012"]
[Site "Sarata Monteoru/Romania"]
[Date "2012.02.20"]
[Round "10.5"]
[White "Filip, Lucian"]
[Black "Doros, Radu-Marian"]
[Result "1/2-1/2"]
[WhiteElo "2490"]
[BlackElo "2338"]
[Annotator "Robot 4"]
[PlyCount "34"]
[EventDate "2012.??.??"]
[TimeControl "40/5400+30:900+30"]

1. Nf3 Nf6 2. c4 g6 3. Nc3 d5 4. Qa4+ Bd7 5. Qb3 dxc4 6. Qxc4 Bg7 7. e4 O-O 8.
e5 Ng4 9. d4 Be6 10. Qb5 Nd7 11. h3 Nh6 12. Qxb7 c5 13. d5 Bf5 14. Be2 Bc2 15.
g4 f5 16. g5 Ng4 17. hxg4 fxg4 1/2-1/2

[Event "CN Seniori 2012"]
[Site "Sarata Monteoru/Romania"]
[Date "2012.02.20"]
[Round "10.6"]
[White "Pop, Alexandru"]
[Black "Berescu, Alin-Mile"]
[Result "0-1"]
[WhiteElo "2254"]
[BlackElo "2488"]
[Annotator "Robot 4"]
[PlyCount "52"]
[EventDate "2012.??.??"]
[TimeControl "40/5400+30:900+30"]

1. Nf3 c5 2. c4 Nc6 3. g3 Nf6 4. Bg2 d5 5. cxd5 Nxd5 6. Nc3 Nc7 7. O-O e5 8. a3
Bd7 9. Rb1 f6 10. e3 Bf5 11. e4 Be6 12. Nh4 Qd3 13. b4 cxb4 14. axb4 Bxb4 15.
Nd5 Nxd5 16. exd5 Bxd5 17. Bxd5 Qxd5 18. Qg4 g6 19. Rxb4 Nxb4 20. Qxb4 a5 21.
Qb6 O-O 22. Ba3 Rf7 23. Rc1 Qxd2 24. Qb3 Rd8 25. Qe6 b5 26. Rc7 Qd1+ 0-1

[Event "CN Seniori 2012"]
[Site "Sarata Monteoru/Romania"]
[Date "2012.02.20"]
[Round "10.7"]
[White "Szabo, Gergely-Andras-Gyul"]
[Black "Dragomirescu, Robin-Alexandru"]
[Result "1/2-1/2"]
[WhiteElo "2554"]
[BlackElo "2340"]
[Annotator "Robot 4"]
[PlyCount "66"]
[EventDate "2012.??.??"]
[TimeControl "40/5400+30:900+30"]

1. d4 Nf6 2. Nf3 g6 3. Nbd2 d5 4. e3 Bg7 5. b4 O-O 6. c4 c6 7. a4 Nbd7 8. Bb2
Re8 9. Be2 Ne4 10. Nxe4 dxe4 11. Nd2 e5 12. dxe5 Nxe5 13. Nxe4 Bf5 14. Nd6 Nd3+
15. Bxd3 Qxd6 16. Bxg7 Bxd3 17. Bc3 Rad8 18. Qb3 Qe6 19. O-O-O Bxc4 20. Qb2 Bb3
21. Rxd8 Rxd8 22. Bh8 Qc4+ 23. Qc3 Qxc3+ 24. Bxc3 Bxa4 25. Kb2 Rd1 26. Rxd1
Bxd1 27. Bd4 b6 28. Be5 f5 29. Bb8 a5 30. bxa5 bxa5 31. Kc3 Kf7 32. Kd4 Ke6 33.
Ba7 a4 1/2-1/2

[Event "CN Seniori 2012"]
[Site "Sarata Monteoru/Romania"]
[Date "2012.02.20"]
[Round "10.8"]
[White "Dumitrache, Dragos-Nicolae"]
[Black "Stanciu, Alexandru-Ovidiu"]
[Result "1/2-1/2"]
[WhiteElo "2460"]
[BlackElo "2314"]
[Annotator "Robot 4"]
[PlyCount "94"]
[EventDate "2012.??.??"]
[TimeControl "40/5400+30:900+30"]

1. Nf3 Nf6 2. c4 g6 3. Nc3 d5 4. cxd5 Nxd5 5. d4 Bg7 6. Qb3 Nxc3 7. bxc3 O-O 8.
e3 c5 9. Be2 Nc6 10. O-O Qc7 11. Ba3 Be6 12. d5 Na5 13. Qd1 Rad8 14. e4 Bc8 15.
Qd2 b6 16. Rad1 e5 17. Rfe1 f5 18. exf5 gxf5 19. Bb5 Qd6 20. Bc1 e4 21. Ng5 c4
22. Ba4 a6 23. Qe3 Nb7 24. Bc6 Na5 25. Ba4 b5 26. Bc2 Nb7 27. f3 Qe5 28. Ne6
Bxe6 29. dxe6 Qxe6 30. fxe4 f4 31. Qa7 Rxd1 32. Rxd1 Qc6 33. Rf1 Bxc3 34. Rxf4
Rxf4 35. Bxf4 Qc5+ 36. Qxc5 Nxc5 37. Kf2 a5 38. Be3 Nd3+ 39. Ke2 Nb4 40. Bb1
Nc6 41. h4 a4 42. e5 Nxe5 43. Be4 a3 44. Bf4 Ng6 45. Bd6 Nxh4 46. Bxa3 Kg7 47.
Bd6 Be5 1/2-1/2

[Event "CN Seniori 2012"]
[Site "Sarata Monteoru/Romania"]
[Date "2012.02.20"]
[Round "10.9"]
[White "Florescu, Codrut-Constantin"]
[Black "Manea, Alexandru"]
[Result "1/2-1/2"]
[WhiteElo "2282"]
[BlackElo "2429"]
[Annotator "Robot 4"]
[PlyCount "34"]
[EventDate "2012.??.??"]
[TimeControl "40/5400+30:900+30"]

1. d4 Nf6 2. c4 e6 3. Nf3 b6 4. a3 c5 5. d5 Ba6 6. dxe6 fxe6 7. e3 Nc6 8. Be2
Be7 9. O-O O-O 10. Nc3 Bb7 11. b3 a6 12. Bb2 Qc7 13. Rc1 Rad8 14. Qc2 Ng4 15.
h3 Nh6 16. Bd3 Nf5 17. Nd5 Qd6 1/2-1/2

[Event "CN Seniori 2012"]
[Site "Sarata Monteoru/Romania"]
[Date "2012.02.20"]
[Round "10.10"]
[White "Balla, Tamas-Kristof"]
[Black "Gilea, Lucian"]
[Result "1-0"]
[WhiteElo "2377"]
[BlackElo "2261"]
[Annotator "Robot 4"]
[PlyCount "122"]
[EventDate "2012.??.??"]
[TimeControl "40/5400+30:900+30"]

1. e4 c5 2. c3 d6 3. d4 Nf6 4. Bd3 cxd4 5. cxd4 Nc6 6. Ne2 g6 7. Nbc3 Bg7 8. h3
a6 9. Be3 O-O 10. Rc1 Ne8 11. O-O f5 12. exf5 gxf5 13. d5 Ne5 14. Bb1 b5 15. b3
Bd7 16. f4 Ng6 17. Nd4 Rc8 18. Qf3 Kh8 19. Nce2 Rxc1 20. Rxc1 Qa8 21. Bf2 Nf6
22. Bxf5 Bxf5 23. Nxf5 Qxd5 24. Qxd5 Nxd5 25. Nxg7 Ngxf4 26. Nxf4 Nxf4 27. Rc7
Kxg7 28. Rxe7+ Rf7 29. Re8 Rc7 30. Bg3 Kf7 31. Re4 Rc1+ 32. Kh2 Nd5 33. Bxd6
Nc3 34. Re7+ Kg6 35. Ra7 Nxa2 36. Rxa6 Rc2 37. Rb6 Kf7 38. Rxb5 Nc1 39. Rb7+
Kg6 40. b4 Nd3 41. Bg3 Rb2 42. b5 Nc5 43. Rb8 Nd7 44. Rb7 Nc5 45. Rb6+ Kg5 46.
Be5 Rb1 47. Bd4 Ne4 48. Be3+ Kf5 49. Rb8 h5 50. Rf8+ Kg6 51. b6 h4 52. Rc8 Ng3
53. Rc1 Rb3 54. Bf2 Ne4 55. Rc6+ Kg5 56. Bxh4+ Kf4 57. Rg6 Rb1 58. Bg3+ Kf5 59.
Rc6 Nd2 60. Bc7 Ke4 61. Rf6 Kd5 1-0

[Event "CN Seniori 2012"]
[Site "Sarata Monteoru/Romania"]
[Date "2012.02.20"]
[Round "10.11"]
[White "Miroiu, George-Catalin"]
[Black "Horvat, Dan-Sebastian"]
[Result "1-0"]
[WhiteElo "2342"]
[BlackElo "2197"]
[Annotator "Robot 4"]
[PlyCount "73"]
[EventDate "2012.??.??"]
[TimeControl "40/5400+30:900+30"]

1. Nf3 d5 2. g3 Nf6 3. Bg2 g6 4. c4 c6 5. b3 Bg7 6. Bb2 O-O 7. O-O Nbd7 8. Qc2
Re8 9. Ne5 Nxe5 10. Bxe5 Bf5 11. Qb2 Qd7 12. Re1 Red8 13. d3 Bh3 14. Bf3 Bg4
15. Bh1 Qf5 16. cxd5 Ne4 17. f4 Bxe5 18. Qxe5 Qxe5 19. fxe5 Ng5 20. dxc6 bxc6
21. Nd2 Rab8 22. Bxc6 Rdc8 23. Rac1 Bxe2 24. d4 Rb6 25. Ba4 Ba6 26. Rxc8+ Bxc8
27. Rc1 Ba6 28. d5 f6 29. e6 Rd6 30. Bc6 f5 31. h4 Nxe6 32. Re1 Nd4 33. Rxe7
Nxc6 34. dxc6 Rxd2 35. Rxa7 Rxa2 36. b4 Bc4 37. c7 1-0

[Event "CN Seniori 2012"]
[Site "Sarata Monteoru/Romania"]
[Date "2012.02.20"]
[Round "10.12"]
[White "Baratosi, Daniel"]
[Black "Martian, Dragos-Daniel"]
[Result "1/2-1/2"]
[WhiteElo "2418"]
[BlackElo "2074"]
[Annotator "Robot 4"]
[PlyCount "54"]
[EventDate "2012.??.??"]
[TimeControl "40/5400+30:900+30"]

1. e4 c5 2. Nf3 e6 3. d4 cxd4 4. Nxd4 a6 5. Nc3 Qc7 6. g3 Bb4 7. Bd2 Nf6 8. Bg2
Nc6 9. Nb3 Be7 10. a4 b6 11. f4 d6 12. O-O Bb7 13. g4 h6 14. Qe2 O-O 15. h4 Nb4
16. g5 hxg5 17. hxg5 Nd7 18. Be3 Rfe8 19. Nd4 d5 20. g6 Bc5 21. gxf7+ Kxf7 22.
e5 Rh8 23. f5 Qxe5 24. fxe6+ Kg8 25. exd7 Qh2+ 26. Kf2 Qh4+ 27. Kg1 Qh2+
1/2-1/2